| 000 | 01108nam a22002537a 4500 | ||
|---|---|---|---|
| 005 | 20170124102924.0 | ||
| 010 | _aB-158191 | ||
| 020 |
_c150.00 _a8185829705 |
||
| 035 | _aB-158191 | ||
| 037 | _bCen Lib/Ret | ||
| 040 |
_aDPL _bHN |
||
| 082 |
_a821.08 _bजयदे |
||
| 245 |
_aजयदेव कृत : _cअनुवादक रामचन्द्र वर्मा शास्त्री _bगीतगोविन्द / |
||
| 246 |
_aJaydev krit geet govind _btranslated by Ramchandra Verma Shastri |
||
| 260 |
_bज्ञान गंगा _aदिल्ली _c2004 |
||
| 270 |
_a205-सी चवरी बाजार _bदिल्ली _e110006 |
||
| 300 |
_a150पृ. _c20सेमी (सजिल्द) |
||
| 650 |
_aहिंदी -- जयदेव कृत _942869 |
||
| 650 |
_aहिंदी साहित्य _942870 |
||
| 650 |
_aHindi -- Jaydev action _942871 |
||
| 650 |
_aHindi literature _942872 |
||
| 700 |
_aशास्त्री, रामचन्द्र वर्मा _942873 |
||
| 942 |
_2ddc _cHN _h821.08 _mजयदे |
||
| 999 |
_c111447 _d111447 |
||